000 02104nam a22001577a 4500
041 _aukr
080 _a09
090 _bМЕЩ
100 _aМещерякова Ю. І.
245 _aСистема архетипних образів у творах "Остання любов у Константинополі" Милорада Павича, "Замок перехрещених доль" Італо Кальвіно, "Старші аркани" Чарльза Уільямса
260 _aОстрог
_bКАФ
_c2012
300 _a50
520 _aРОЗДІЛ 1 ЖАНРОВІ ОСОБЛИВОСТІ РОМАНУ І СВІТОГЛЯДНИЙ ЗМІСТ ЕПОХИ ПОСТМОДЕРНУ 1.1 Філософія постмодерну і епоха. 1.2 Літературний дискурс постмодернізму. 1.3 Жанрові особливості роману. РОЗДІЛ 2 ТЕОРЕТИЧНИЙ АСПЕКТ ВИВЧЕННЯ ПОНЯТЬ "АРХЕТИП", "АРХЕТИПНИЙ ОБРАЗ" 2.1 Метод архетипів К. Юнга. Історія досліджень і трансформація змісту поняття "архетип". 2.2 Образ науковий і художній. Терапія і мистецтво: співвідношення понять "психічний образ", "архетипний образ" ("літературний архетип"). 2.3 Карти Таро як первісна модель базових архетипів колективного несвідомого. РОЗДІЛ 3 СИСТЕМА АРХЕТИПНИХ ОБРАЗІВ У ТВОРАХ "ОСТАННЯ ЛЮБОВ У КОНСТАНТИНОПОЛІ" МИЛОРАДА ПАВИЧА, "ЗАПОК ПЕРЕХРЕЩЕНИХ ДОЛЬ" ІТАЛО КАЛЬВІНО, "СТАРШІ АРКАНИ" ЧАРЛЬЗА УІЛЬЯМСА 3.1 Карта "Блазень". 3.2 Карта "Закохані". 3.3 Карта "Мир".
_0літературознавство, Кальвіно, Уільямс, Павич
650 _aResearch Papers
999 _c284939
_d284939
942 _cBK